000
00314nam a2200121 a 4500
008
101026s1985|||| d
100
1
_a
Černych, V.
245
1
0
_a
Moskva slzám neverí...Prvý raz vydatá.Materská škola
020
_c
20
041
_a
slo
260
_b
Smena
_a
Bratislava
_c
1985
044
_a
xo
_c
SK
999
_c
12302
_d
12302